| 000 | 00922pam a2200241 a 4500 | ||
|---|---|---|---|
| 001 | 3452530 | ||
| 003 | BD-DhUL | ||
| 005 | 20170423150539.0 | ||
| 008 | 920221s1992 nyu 000 0 eng | ||
| 010 | _a 92053556 | ||
| 020 |
_a0452267765 : _c$10.00 ($12.99 Can.) |
||
| 040 |
_aDLC _cDLC _dDLC _dBD-DhUL |
||
| 050 | 0 | 0 |
_aPN1997 _b.R2259 1992 |
| 082 | 0 | 0 |
_a812.54 _220 _bHAR |
| 100 | 1 |
_aHansberry, Lorraine _d1930-1965. |
|
| 245 | 1 | 2 |
_aA raisin in the sun : _bthe unfilmed original screenplay / _cLorraine Hansberry ; edited by Robert Nemiroff ; foreword by Jewell Handy Gresham-Nemiroff ; introduction by Margaret B. Wilkerson ; with a commentary by Spike Lee. |
| 260 |
_aNew York, N.Y., U.S.A. : _bPlume Book, _cc1992. |
||
| 300 |
_axlvii, 206 p. ; _c21 cm. |
||
| 650 | 0 |
_aAfrican American families _vDrama. |
|
| 700 | 1 | _aNemiroff, Robert. | |
| 906 |
_a7 _bcbc _corignew _d1 _eocip _f19 _gy-gencatlg |
||
| 942 |
_2ddc _cREF |
||
| 999 |
_c191191 _d191191 |
||